Borussia Dortmund: Rekordspieler in der Champions League - Statistiken

Allgemein
  • Dieses Quiz wurde 180 mal gespielt
    5 seit der letzten Aktualisierung
  • Das Durchschnittsergebnis liegt bei 43 aus 54
Antwortstatistiken
Spiele (Tore) Zeitraum Spieler % Korrekt
25 (2) 2018–2022 Axel Witsel
100%
24 (0) 1998–2011 Dede
100%
20 (4) 2021-2025 Donyell Malen
100%
46 (2) seit 2020 Emre Can
100%
21 (0) 1999–2005 Evanilson
100%
45 (0) seit 2021 Gregor Kobel
100%
29 (6) 1995–2004 Heiko Herrlich
100%
20 (1) 2011–2016 Ilkay Gündogan
100%
28 (6) 2017–2024* Jadon Sancho
100%
24 (0) 1999–2003 Jens Lehmann
100%
25 (2) 1996-2003* Jörg Heinrich
100%
23 (6) 2020–2023 Jude Bellingham
100%
61 (8) 2019-2026 Julian Brandt
100%
22 (1) 2015–2019 Julian Weigl
100%
29 (2) 1995-2002 Jürgen Kohler
100%
42 (7) 1993–2007 Lars Ricken
100%
54 (1) 2010–2021 Lukasz Piszczek
100%
29 (1) seit 2023 Marcel Sabitzer
100%
44 (1) 2008–2022 Marcel Schmelzer
100%
72 (24) 2012-2024 Marco Reus
100%
36 (3) 2009–2020* Mario Götze
100%
66 (3) 2008–2024 Mats Hummels
100%
25 (4) 1981–1998 Michael Zorc
100%
27 (0) 2008–2018 Neven Subotic
100%
28 (17) 2010–2014 Robert Lewandowski
100%
33 (0) 2015–2022 Roman Bürki
100%
38 (0) 2002–2018 Roman Weidenfeller
100%
35 (1) 2002–2015 Sebastian Kehl
100%
24 (17) seit 2024 Serhou Guirassy
100%
22 (4) 2010–2019* Shinji Kagawa
100%
29 (0) 1992–1998 Stefan Klos
100%
44 (1) 1992–2004 Stefan Reuter
100%
27 (0) 2009–2017 Sven Bender
100%
27 (7) 1988–2000 Andreas Möller
50%
22 (2) 2016–2019 Christian Pulisic
50%
27 (5) seit 2023 Felix Nmecha
50%
27 (0) 2019-2025 Gio Reyna
50%
24 (3) 2007–2016 Jakub Blaszczykowski
50%
23 (5) 2022-2025 Jamie Gittens
50%
32 (0) seit 2023 Julian Ryerson
50%
37 (12) seit 2022 Karim Adeyemi
50%
29 (2) 2009–2015 Kevin Großkreutz
50%
23 (0) 2018–2022 Manuel Akanji
50%
20 (1) 2017–2023 Mo Dahoud
50%
39 (0) seit 2022 Nico Schlotterbeck
50%
20 (1) 2005–2018* Nuri Sahin
50%
32 (15) 2013–2018 Pierre-Emerick Aubameyang
50%
26 (4) seit 2023 Ramy Bensebaini
50%
40 (9) 2016–2023 Raphael Guerreiro
50%
28 (3) 2013–2018 Sokratis
50%
20 (7) 1991–1999 Stephane Chapuisat
50%
22 (2) 2019–2023 Thorgan Hazard
50%
21 (2) seit 2024 Maxi Beier
0%
20 (0) 2022-2026 Niklas Süle
0%
Keine übereinstimmenden Quizze gefunden
Verteilung der Resultate
Anzahl Personen mit jedem Resultat
Perzentil nach korrekt beantworteten Fragen
Ihre Resultats-Entwicklung
Sie haben dieses Quiz seit der letzten Aktualisierung nicht gespielt